000 00288nam a22001457a 4500
008 220202b ||||| |||| 00| 0 eng d
020 _a78546464
041 _aalb
080 _a712
082 _a712
100 _a64
101 _apsi
245 _ayter etret ert
942 _2udc
_cBK
999 _c58319
_d58319